[Event "Wch U10"]
[Site "Montesilvano"]
[Date "2024.11.15"]
[Round "1"]
[White "Montaigu Dupont, Arthur"]
[Black "Osmolovskii, Nikita"]
[Result "1-0"]
[WhiteElo "1767"]
[BlackElo "1468"]
[PlyCount "72"]
[EventDate "2024.11.15"]
[EventType "swiss"]
[EventRounds "11"]
[EventCountry "ITA"]
[SourceTitle "CB48_2024"]
[SourceDate "2024.11.28"]
[SourceVersion "1"]
[SourceVersionDate "2024.11.28"]
[SourceQuality "1"]

1. e4 e5 2. Nf3 d6 3. d4 exd4 4. Nxd4 Nf6 5. Nc3 Be7 6. h3 0-0 7. Bd3 Re8 8. 0-0 Nbd7 9. f3 Ne5 10. Bb5 c6 11. Ba4 b5 12. Bb3 c5 13. Ndxb5 Ba6 14. Re1 Qb6 15. Ba4 Reb8 16. f4 Ng6 17. e5 Ne8 18. Nd5 Qb7 19. Nxe7+ Qxe7 20. exd6 Qd8 21. d7 Nf6 22. Nd6 Qf8 23. Bc6 Rb6 24. Bxa8 Rxd6 25. Qf3 Rxd7 26. Bc6 Rc7 27. g3 Qd6 28. Ba8 Qd4+ 29. Qe3 Re7 30. c3 Rxe3 31. Bxe3 Qd8 32. Bf3 Qb6 33. b4 Bb7 34. Bxc5 Qa6 35. Re6 Qb6 36. Rd6 Qxd6 1-0